HADOOP : THE DEFINITIVE GUIDE (Record no. 40146)

MARC details
000 -LEADER
fixed length control field 00366nam a2200157Ia 4500
008 - FIXED-LENGTH DATA ELEMENTS--GENERAL INFORMATION
fixed length control field 200305s9999 xx 000 0 und d
020 ## - INTERNATIONAL STANDARD BOOK NUMBER
International Standard Book Number 978-93-5213-067-2
082 ## - DEWEY DECIMAL CLASSIFICATION NUMBER
Classification number 005.74
082 ## - DEWEY DECIMAL CLASSIFICATION NUMBER
Item number WHH
041 ## - LANGUAGE CODE
Language code of text/sound track or separate title eng
100 ## - MAIN ENTRY--PERSONAL NAME
Personal name WHITE TOM
245 ## - TITLE STATEMENT
Title HADOOP : THE DEFINITIVE GUIDE
260 ## - PUBLICATION, DISTRIBUTION, ETC.
Place of publication, distribution, etc. NEW DELHI
Name of publisher, distributor, etc. SPD PUB.
300 ## - PHYSICAL DESCRIPTION
Extent 730
650 ## - SUBJECT ADDED ENTRY--TOPICAL TERM
Topical term or geographic name entry element COMPUTER SCIENCE
Holdings
Withdrawn status Lost status Damaged status Not for loan Home library Current library Date acquired Cost, normal purchase price Total Checkouts Full call number Barcode Date last seen Cost, replacement price Price effective from Koha item type Date last checked out
        Chaudhary Ranbir Singh University Chaudhary Ranbir Singh University 05.03.2020 1050.00   005.74 WHH 16752 05.03.2020 1050.00 05.03.2020 Books  
        Chaudhary Ranbir Singh University Chaudhary Ranbir Singh University 05.03.2020 1050.00   005.74 WHH 16753 05.03.2020 1050.00 05.03.2020 Books  
        Chaudhary Ranbir Singh University Chaudhary Ranbir Singh University 05.03.2020 1050.00 1 005.74 WHH 16754 20.05.2022 1050.00 05.03.2020 Books 06.05.2022
        Chaudhary Ranbir Singh University Chaudhary Ranbir Singh University 05.03.2020 1050.00   005.74 WHH 16755 05.03.2020 1050.00 05.03.2020 Books  


Copyright © 2025 CRSU. All Rights Reserved.